000 00303nam a22001337a 4500
008 170201b xxu||||| |||| 00| 0 eng d
020 _a9781401831226
041 _aeng
080 _29 ED
_a61
100 _a3
101 _aSHM
245 _aMATH FOR MEDS DOSAGES SOLUTIONS
_cCURREN A.M
942 _2udc
_cBK
999 _c4187
_d4187